[Event "I Tancats B"]
[Site "Canovelles ESP"]
[Date "2008.09.13"]
[Round "1"]
[White "Almeida Toledano,D"]
[Black "Avila Jimenez,J"]
[Result "1/2-1/2"]
[WhiteElo "2303"]
[BlackElo "2286"]

1.e4 d5 2.exd5 Qxd5 3.Nc3 Qd6 4.d4 Nf6 5.Nf3 a6 6.g3 Bg4 7.Bf4 Qb4 8.Qd3 Nc6
9.Ne5 Nxe5 10.Bxe5 O-O-O 11.f3 Bh5 12.O-O-O e6 13.g4 Bg6 14.Qc4 Qxc4 15.Bxc4 Nd7
16.Bg3 Nb6 17.Bb3 Bb4 18.Ne2 Rd7 19.Be5 Rg8 20.Nf4 Nd5 21.c3 Nxf4 22.Bxf4 Be7
23.h4 h5 24.g5 Bf5 25.d5 Rgd8 26.dxe6 Rxd1+ 27.Rxd1 Rxd1+ 28.Kxd1 Bxe6 29.Bxe6+ fxe6
30.Kd2 b6 31.Kd3 Kd7 32.Ke4 c6 33.Bb8 Bc5 34.Bg3 b5 35.b3 Bg1 36.c4 Bc5 37.Kd3 Bg1
38.Ke4 Ke7 39.a4 Bc5 40.Kd3  1/2-1/2

[Event "58th ch-HUN KO"]
[Site "Nyiregyhaza HUN"]
[Date "2008.09.13"]
[Round "1.2"]
[White "Szabo,Krisz1"]
[Black "Ruck,R1"]
[Result "1/2-1/2"]
[WhiteElo "2510"]
[BlackElo "2574"]

1.e4 d5 2.exd5 Qxd5 3.Nc3 Qd8 4.d4 Nf6 5.Bc4 g6 6.Bg5 Bg7 7.Nge2 c6 8.O-O Nbd7
9.Bb3 O-O 10.Qd2 Nb6 11.Rfe1 Nbd5 12.f3 Nxc3 13.Nxc3 e6 14.Rad1 Qc7 15.Bf4 Qd7
16.Be5 b6 17.Ne4 Nxe4 18.fxe4 f6 19.Bg3 Bb7 20.e5 f5 21.Bf4 Rad8 22.c4 Rfe8
23.Bg5 Rc8 24.Qf4 Bf8 25.h4 Be7 26.Bxe7 Qxe7 27.a3 Kg7 28.Ba4 Red8 29.b4 h6
30.Bb3 Rc7 31.Re3  1/2-1/2

[Event "IV Geller Memorial"]
[Site "Odessa UKR"]
[Date "2008.09.14"]
[Round "6"]
[White "Grekh,A"]
[Black "Bondar,W"]
[Result "1/2-1/2"]
[WhiteElo "2362"]
[BlackElo "2131"]

1.e4 d5 2.exd5 Qxd5 3.Nc3 Qd6 4.d4 Nf6 5.Nf3 c6 6.g3 Bg4 7.Bg2 e6 8.h3 Bxf3
9.Bxf3 Qc7 10.Bf4 Bd6 11.Bxd6 Qxd6 12.Qd2 Nbd7 13.O-O-O O-O-O 14.Rhe1 Kb8
15.Na4 Nb6 16.Nc5 Qc7 17.Qb4 Ka8 18.a4 Nbd7 19.a5 Nxc5 20.Qxc5 a6 21.Rd3 Qd6
22.Qc4 Rd7 23.Red1 Rhd8 24.Kb1 Nd5 25.c3 Nc7 26.Qa4 Kb8 27.c4 Kc8 28.c5 Qe7
29.Bxc6 bxc6 30.Qxc6 Qg5 31.Rb3 Qd5 32.Qb6 Qa8 33.c6 Rd6 34.Rc1 Rxd4 35.Qc5 R4d5
36.Qe7 Rb5 37.Rxb5 axb5 38.b4 Qa7 39.Rc5 f5 40.Qxg7 Kb8 41.Qd7 Rc8 42.Qxh7 Ka8
43.Qd7 Qb8 44.Rc1 Rd8 45.Qg7 Rd2 46.Rc2 Rd1+ 47.Kb2 Qd8 48.h4 Qd6 49.Qh8+ Ka7
50.Qc3 Rd4 51.h5 Rxb4+ 52.Kc1 Qd4 53.h6 Qxc3 54.Rxc3 Rd4 55.Rc2 Rd8 56.Rd2 Nd5
57.Re2 Nc7 58.Rd2 Nd5 59.Re2 Nc7  1/2-1/2

[Event "EYb18"]
[Site "Herceg Novi MNE"]
[Date "2008.09.15"]
[Round "1"]
[White "Potapov,P"]
[Black "Opinca,S"]
[Result "1-0"]
[WhiteElo "2418"]
[BlackElo "2175"]

1.e4 d5 2.exd5 Qxd5 3.Nc3 Qd6 4.d4 Nf6 5.Nf3 c6 6.g3 Bg4 7.Bg2 e6 8.h3 Bxf3
9.Bxf3 Nbd7 10.O-O Nb6 11.a4 a5 12.Qe2 Be7 13.Rd1 O-O 14.b3 Qd7 15.Bb2 Nbd5
16.Na2 Rfe8 17.Nc1 Bb4 18.Qd3 Bf8 19.Qd2 Qc7 20.Nd3 Rad8 21.Rac1 Nd7 22.Re1 Nb4
23.Re3 g6 24.c3 Nxd3 25.Qxd3 e5  1-0

[Event "EYb16"]
[Site "Herceg Novi MNE"]
[Date "2008.09.16"]
[Round "2"]
[White "Nestorovic,L"]
[Black "Pohjala,H"]
[Result "0-1"]
[WhiteElo "2269"]
[BlackElo "2035"]

1.e4 d5 2.exd5 Qxd5 3.Nc3 Qd6 4.d4 Nf6 5.Nge2 Bg4 6.f3 Bh5 7.Bf4 Qb6 8.Qd2 e6
9.O-O-O Nbd7 10.Na4 Qc6 11.Nec3 a6 12.d5 exd5 13.Re1+ Kd8 14.b3 b5 15.Nb2 Bb4
16.Nbd1 Bg6 17.g4 h6 18.Bg2 Kc8 19.Be3 a5 20.Bf1 Rb8 21.Bd3 Ne5 22.Bxg6 fxg6
23.Ref1 Nxf3 24.Rxf3 d4 25.Rhf1 dxc3 26.Qd3 Rd8 27.Qe2 Kb7 28.Bxh6 Nxg4 29.Bf4 g5
30.Bxc7 Rd2 31.Qe1 Re8 32.Qg3 Nxh2 33.Rf7 Nxf1 34.Bb8+ Rd7  0-1

[Event "II ROMGAZ Open"]
[Site "Bucharest ROU"]
[Date "2008.09.17"]
[Round "7"]
[White "Abasov,N"]
[Black "Nevednichy,V"]
[Result "1-0"]
[WhiteElo "2369"]
[BlackElo "2577"]

1.e4 d5 2.exd5 Qxd5 3.Nc3 Qd6 4.d4 Nf6 5.Nge2 c6 6.Bf4 Qb4 7.Rb1 Bf5 8.a3 Qb6
9.g3 e6 10.Bg2 Nd5 11.Nxd5 cxd5 12.O-O Nc6 13.b4 Be7 14.Rc1 Rd8 15.c4 dxc4
16.Rxc4 O-O 17.Be3 a5 18.Qb3 a4 19.Qxa4 Ra8 20.Qd1 Qa6 21.Rc3 Bg4 22.f3 Bf5
23.g4 Bg6 24.f4 Rfd8 25.Ng3 f6 26.f5 exf5 27.Nxf5 Bf8 28.g5 Ne7 29.Nh4 fxg5
30.Bxg5 Re8 31.Qb3+ Kh8 32.Rg3 Ng8 33.Bf4 Qb6 34.Nxg6+ hxg6 35.Qd3 Re6 36.Kh1 Rd8
37.d5 Rf6 38.Rh3+ Nh6 39.Rxh6+ gxh6 40.Be5 Bg7 41.Rxf6 Bxf6 42.Qxg6 Rd6 43.Qe8+  1-0

[Event "4th Pichay Cup"]
[Site "Manila PHI"]
[Date "2008.09.18"]
[Round "8"]
[White "Zhang Jing"]
[Black "Maga,M"]
[Result "0-1"]
[WhiteElo "2033"]
[BlackElo "2256"]

1.e4 d5 2.exd5 Qxd5 3.Nc3 Qd6 4.Nf3 a6 5.d4 Nf6 6.h3 e6 7.Bc4 b5 8.Bb3 Bb7
9.O-O Nbd7 10.Bg5 Be7 11.Qe2 c5 12.dxc5 Nxc5 13.Rad1 Qc6 14.Bxf6 gxf6 15.Kh1 Rg8
16.Rfe1 Qc7 17.Rd4 f5 18.a4 Nxb3 19.cxb3 b4 20.Rc4 Qa5 21.Nd1 Rd8 22.Ne3 Be4
23.Rec1 Bd3 24.Qe1 Bxc4 25.Nxc4 Qd5 26.Nb6 Qe4 27.Qf1 Qb7 28.a5 Bd6 29.Qc4 Kf8
30.Nc8 Bb8 31.Nb6 Kg7 32.Qxb4 Rd3 33.Rc3 Qxf3  0-1

[Event "Chess City 10th Ann Open"]
[Site "Elista RUS"]
[Date "2008.09.19"]
[Round "5"]
[White "Imeeva,A"]
[Black "Borisov,S1"]
[Result "1/2-1/2"]
[WhiteElo "1972"]
[BlackElo "2163"]

1.e4 d5 2.exd5 Qxd5 3.Nc3 Qd6 4.Nf3 Nf6 5.d4 c6 6.Bc4 Bg4 7.Be3 e6 8.O-O Nbd7
9.h3 Bh5 10.Be2 Qc7 11.Ng5 Bxe2 12.Qxe2 Be7 13.f4 O-O 14.Nf3 Rac8 15.Ne5 Nd5
16.Nxd5 cxd5 17.c3 Bd6 18.Bd2 Nf6 19.Rf3 Ne4 20.Raf1 f5 21.Be1 Bxe5 22.fxe5 Qc4
23.Qxc4 Rxc4 24.Kh2 Rcc8 25.Rd3 g5 26.g3 Kf7 27.Bd2 Ke7 28.Rg1 Kd7 29.h4 gxh4
30.gxh4 Rg8 31.Bg5 Rg6 32.Rdd1 Rcg8 33.Be3 Rg4 34.Bg5 Nxg5 35.hxg5 R8xg5
36.Rxg4 Rxg4 37.b3 Kc6 38.c4 b6 39.Rd3 h5 40.a3 h4 41.Kh3 a6 42.a4 Re4 43.Kg2 Re2+
44.Kh3 Rc2 45.Kxh4 dxc4 46.d5+ exd5 47.bxc4 dxc4 48.Rd6+ Kc5 49.Kg5 c3 50.Rd8 b5
51.e6 b4 52.e7 Re2 53.e8=Q Rxe8 54.Rxe8 b3 55.Kxf5 b2 56.Rb8 c2 57.Rxb2 c1=Q
58.Rf2 Qc4 59.Rf4 Qxf4+ 60.Kxf4 Kb4 61.Ke3  1/2-1/2

[Event "EYb18"]
[Site "Herceg Novi MNE"]
[Date "2008.09.19"]
[Round "5"]
[White "Rasulov,Vu"]
[Black "Opinca,S"]
[Result "1-0"]
[WhiteElo "2392"]
[BlackElo "2175"]

1.e4 d5 2.exd5 Qxd5 3.Nc3 Qd6 4.d4 Nf6 5.Nf3 c6 6.g3 Bg4 7.Bg2 e6 8.O-O Nbd7
9.Bf4 Qb4 10.Qd2 Bd6 11.Ne5 Bf5 12.a3 Qa5 13.Nxd7  1-0

[Event "EYb16"]
[Site "Herceg Novi MNE"]
[Date "2008.09.19"]
[Round "5"]
[White "Firat,B"]
[Black "Subirats Ruiz,S"]
[Result "1-0"]
[WhiteElo "2219"]
[BlackElo "2054"]

1.e4 d5 2.exd5 Qxd5 3.Nc3 Qd6 4.d4 Nf6 5.Nf3 a6 6.g3 b5 7.Bg2 Bb7 8.O-O Nbd7
9.a4 b4 10.Bf4 Qb6 11.a5 Qa7 12.Na2 Nd5 13.Bd2 c5 14.dxc5 Qxc5 15.c3 bxc3
16.Nxc3 N5f6 17.b4 Qh5 18.h3 e6 19.g4 Nxg4 20.hxg4 Qxg4 21.b5 h5 22.Ra4 Bd6
23.Rxg4 hxg4 24.Ne5 Bxg2 25.Kxg2 Bxe5 26.Rh1 Ke7 27.Ne4 Rxh1 28.Bb4+ Ke8
29.Qxh1 g6 30.Qh7  1-0

[Event "EYg14"]
[Site "Herceg Novi MNE"]
[Date "2008.09.21"]
[Round "6"]
[White "Bengtsson,J"]
[Black "Narva,T"]
[Result "1/2-1/2"]
[WhiteElo "1723"]
[BlackElo "1835"]

1.e4 d5 2.exd5 Qxd5 3.Nc3 Qd6 4.d4 Nf6 5.Nf3 a6 6.g3 Bg4 7.Bg2 c6 8.O-O e6
9.Bf4 Qd8 10.Qd2 Nbd7 11.Rfe1 Be7 12.Rad1 O-O 13.h3 Bh5 14.g4 Bg6 15.Ne5 Nxe5
16.Bxe5 Nd5 17.a3 Bg5 18.Qe2 Nf4 19.Bxf4 Bxf4 20.Ne4 Qb6 21.c3 Rad8 22.h4 h6
23.h5 Bh7 24.b4 Rfe8 25.Nc5 Bd6 26.Ne4 Bb8 27.Qc4 Bc7 28.Ng3 Bf4  1/2-1/2

[Event "EYg12"]
[Site "Herceg Novi MNE"]
[Date "2008.09.24"]
[Round "9"]
[White "Bellaiche,E"]
[Black "Styazhkina,A"]
[Result "1/2-1/2"]
[WhiteElo "1769"]
[BlackElo "1898"]

1.e4 d5 2.exd5 Qxd5 3.Nc3 Qd6 4.d4 Nf6 5.Nf3 a6 6.h3 Nc6 7.Be2 Bf5 8.Be3 O-O-O
9.a3 e5 10.dxe5 Nxe5 11.Qxd6 Bxd6 12.O-O-O Nxf3 13.Bxf3 Be5 14.Ne2 Be4 15.Bxe4 Nxe4
16.c3 Nd6 17.Bd4 Rhe8 18.Rhe1 Bxd4 19.Nxd4 g6 20.Kc2  1/2-1/2

[Event "17th CRO-chT 1b"]
[Site "Sibenik CRO"]
[Date "2008.09.27"]
[Round "1"]
[White "Plenkovic,Z"]
[Black "Ivankovic,I"]
[Result "1-0"]
[WhiteElo "2346"]
[BlackElo "2125"]

1.e4 d5 2.exd5 Qxd5 3.Nc3 Qd8 4.d4 Nf6 5.Bc4 Bf5 6.Nf3 e6 7.O-O Be7 8.Re1 c6
9.h3 Nd5 10.Ne4 Nd7 11.a4 O-O 12.c3 h6 13.Bf1 N7f6 14.Ng3 Bh7 15.Bd2 a5 16.Qb3 Qb6
17.Qxb6 Nxb6 18.c4 Rfe8 19.Re3 Nfd7 20.b3 Bf6 21.Rae1 Red8 22.Ne4 Be7 23.Bc3 Bf8
24.g3 Bg6 25.Bg2 Nc8 26.Ne5 Bxe4 27.Rxe4 Nd6 28.R4e2 Nf5 29.d5 cxd5 30.cxd5 Nxe5
31.Rxe5 Bd6 32.R5e2 exd5 33.Rd1 Bc5 34.Kf1 d4 35.Bb2 Rab8 36.Re5 Nxg3+ 37.fxg3 Bd6
38.Rd5 Bxg3 39.Rxd8+ Rxd8 40.Rxd4 Re8 41.Re4 Rc8 42.Rg4  1-0

[Event "ch-Commonwealth"]
[Site "Nagpur IND"]
[Date "2008.09.29"]
[Round "2"]
[White "Konguvel,P"]
[Black "Thipsay,B"]
[Result "1-0"]
[WhiteElo "2415"]
[BlackElo "2195"]

1.e4 d5 2.exd5 Qxd5 3.Nc3 Qd6 4.d4 Nf6 5.Nf3 c6 6.Ne5 Nbd7 7.Bf4 Nd5 8.Nxd5 Qxd5
9.Nf3 Nf6 10.Be2 Bg4 11.O-O e6 12.c4 Qd8 13.h3 Bxf3 14.Bxf3 Bd6 15.Be3 O-O
16.b4 Qc7 17.Qd2 Rfd8 18.Rad1 Qe7 19.Qb2 Rac8 20.b5 c5 21.dxc5 Bxc5 22.Bxc5 Qxc5
23.Bxb7 Rb8 24.Qb3 h6 25.Bf3 Nd7 26.a4 Ne5 27.Be2 Rbc8 28.Rxd8+ Rxd8 29.Rd1 Rd4
30.Rxd4 Qxd4 31.Qe3 Qa1+ 32.Kh2 Ng6 33.c5 Qxa4 34.c6 Qa5 35.b6 axb6 36.c7 Ne7
37.Qd4  1-0

[Event "ch-Commonwealth"]
[Site "Nagpur IND"]
[Date "2008.09.29"]
[Round "2"]
[White "Shetty,P"]
[Black "Das,Sa"]
[Result "0-1"]
[WhiteElo "1887"]
[BlackElo "2135"]

1.e4 d5 2.exd5 Qxd5 3.Nc3 Qd6 4.d4 Nf6 5.Nf3 c6 6.Ne5 Be6 7.Bf4 Qd8 8.Be2 g6
9.O-O Bg7 10.Na4 O-O 11.Nc5 Bc8 12.Bc4 Nd5 13.Bg3 b6 14.Ne4 f6 15.Nd3 Be6
16.Bb3 Bf7 17.c3 Nd7 18.Qf3 h6 19.Rad1 f5 20.Nd2 f4 21.Bxf4 Nxf4 22.Nxf4 Bxb3
23.axb3 g5 24.Qxc6 Rxf4 25.Rfe1 Nf8 26.Nf3 Rc8 27.Qa4 Rc7 28.Re3 e6 29.g3 Rf5
30.Rd2 Bf6 31.h3 Ra5 32.Qb4 Be7 33.d5 Bxb4 34.dxe6 Rd5  0-1

[Event "ch-Commonwealth"]
[Site "Nagpur IND"]
[Date "2008.09.29"]
[Round "2"]
[White "Rohit,G"]
[Black "Nadig,K"]
[Result "1-0"]
[WhiteElo "2457"]
[BlackElo "2241"]

1.e4 d5 2.exd5 Qxd5 3.Nc3 Qd6 4.d4 Nf6 5.Nge2 a6 6.Bf4 Qd8 7.Qd3 Nc6 8.O-O-O e6
9.d5 exd5 10.Qg3 Bc5 11.Bxc7 Qe7 12.Nxd5 Nxd5 13.Rxd5 Be6 14.Bd6 Bxd6 15.Rxd6 Rc8
16.Nc3 O-O 17.Bd3 Nb4 18.a3 Nxd3+ 19.Rxd3 b5 20.Re1 Rc4 21.Nd5 Qc5 22.Ne3 Ra4
23.Qd6 Qa7 24.b3 Rh4 25.Nf5  1-0

[Event "TCh-FIN"]
[Site "Finland FIN"]
[Date "2008.10.05"]
[Round "4"]
[White "Kokkila,T"]
[Black "Kivisto,M"]
[Result "1-0"]
[WhiteElo "2332"]
[BlackElo "2304"]

1.e4 d5 2.exd5 Qxd5 3.Nc3 Qd6 4.g3 Nf6 5.Bg2 Bg4 6.Nge2 Nc6 7.h3 Bxe2 8.Qxe2 a6
9.O-O Nd4 10.Qc4 c6 11.Nd5 cxd5 12.Qxd4 e6 13.d3 Qc5 14.Be3 Qxd4 15.Bxd4 O-O-O
16.Rfc1 Kb8 17.Rab1 Rc8 18.c4 dxc4 19.dxc4 Nd7 20.b4 f6 21.c5 Be7 22.b5 a5
23.c6 Ne5 24.cxb7 Rxc1+ 25.Rxc1 Nd7 26.Rc6 e5 27.Ba7+ Kxb7 28.Re6+ Kxa7 29.Rxe7  1-0

[Event "ch-Commonwealth"]
[Site "Nagpur IND"]
[Date "2008.10.05"]
[Round "10"]
[White "Prasanna,Ra"]
[Black "Suvrajit,S"]
[Result "1/2-1/2"]
[WhiteElo "2233"]
[BlackElo "2367"]

1.e4 d5 2.exd5 Qxd5 3.Nc3 Qd6 4.d4 Nf6 5.Nf3 c6 6.g3 Bg4 7.Bg2 e6 8.O-O Be7
9.Bf4 Qb4 10.Qd2 O-O 11.a3 Qa5 12.Ne5 Bf5 13.Nd5 Qd8 14.Nxe7+ Qxe7 15.c4 Rd8
16.Rad1 Nbd7 17.Qe2 Nxe5 18.Qxe5 Bc2 19.Rd2 Bb3 20.Qe2 a5 21.h4 Rd7 22.Rc1 a4
23.Rc3 Rad8 24.Qe5 Ne8 25.Bh3 h6 26.Qe3 Qf6 27.Be5 Qg6 28.Bf1 f6 29.Bd3 Qf7
30.Bf4 g5 31.hxg5 hxg5 32.Bxg5 fxg5 33.Qxg5+ Qg7 34.Qh4 Qf6 35.Qh5 Rg7 36.Be4 Qg5
37.Qe2 Nf6 38.Bg2 Qg4 39.f3 Qxg3 40.Qxe6+ Rf7 41.f4 Qg4 42.Qxg4+ Nxg4 43.Bh3 Rg7
44.Rg3 Nf6 45.Be6+ Kf8 46.Rxg7 Kxg7 47.f5 Ne8 48.Rg2+ Kf6 49.Rg6+ Ke7 50.Rg4 b5
51.cxb5 Bxe6 52.Re4 Ng7 53.fxe6 cxb5 54.Re5 Rxd4 55.Rxb5 Nxe6 56.b3 axb3
57.Rxb3 Rd2 58.a4 Ra2 59.a5 Nc5 60.Re3+ Kd6 61.a6 Kd5 62.a7 Kd4 63.Re8 Rxa7
64.Kf2 Ne4+ 65.Kf3 Rf7+ 66.Kg2 Rg7+ 67.Kh3 Ke3 68.Ra8 Ng5+ 69.Kg4 Ne4+ 70.Kf5 Rg5+
71.Ke6 Rg6+ 72.Kf5 Rg5+ 73.Ke6 Rb5 74.Ra1 Nc3 75.Re1+ Kd4 76.Kf7 Ne4 77.Rh1 Rb7+
78.Ke6 Rb6+ 79.Kd7 Rg6 80.Rd1+ Ke5 81.Kc7 Ra6  1/2-1/2

[Event "Club Argentino-Ruibal"]
[Site "Buenos Aires ARG"]
[Date "2008.10.06"]
[Round "6"]
[White "Rodriguez Vila,A"]
[Black "Larsen,Be"]
[Result "1-0"]
[WhiteElo "2531"]
[BlackElo "2461"]

1.e4 d5 2.exd5 Qxd5 3.Nc3 Qd6 4.d4 Na6 5.Bc4 g6 6.Qf3 Nf6 7.Nge2 Bg7 8.O-O O-O
9.h3 Nb4 10.Bf4 Qb6 11.Nb5 Nfd5 12.Bxd5 Nxd5 13.Qxd5 c6 14.Bc7 Qa6 15.Qc5 cxb5
16.Be5 f6 17.Bg3 Bf5 18.Nc3 Bxc2 19.Nxb5 Rac8 20.Nc7 Qd3 21.Rac1 Ba4 22.Qxa7 Bc6
23.d5 Bd7 24.Rfe1 f5 25.Qxb7 f4 26.Bh4 Rb8 27.Qa6 Qf5 28.Ne6 Bxb2 29.Nxf8 Bxc1
30.Nxd7 Qxd7 31.Rxc1 Qxd5 32.Bxe7 Qf5 33.Qc4+ Kg7 34.Qc7  1-0

[Event "Club Argentino-Ruibal"]
[Site "Buenos Aires ARG"]
[Date "2008.10.09"]
[Round "9"]
[White "Valerga,D"]
[Black "Larsen,Be"]
[Result "1-0"]
[WhiteElo "2502"]
[BlackElo "2461"]

1.e4 d5 2.exd5 Qxd5 3.Nc3 Qd6 4.d4 Na6 5.Nf3 h5 6.Ne5 Nf6 7.Bf4 Rg8 8.Qd2 Qb6
9.O-O-O Bf5 10.Nc4 Qe6 11.d5 Qc8 12.Ne5 Nc5 13.Bb5+ Ncd7 14.Nxd7 Nxd7 15.Rhe1 a6
16.Bd3 Bxd3 17.Qxd3 g5 18.Bxc7 Qxc7 19.d6 Qc6 20.dxe7 Bg7 21.Ne4 Be5 22.Nc5 Bf4+
23.Kb1 Rg6 24.Nxd7 Qd6 25.Qc3 Kxd7 26.Rxd6+ Rxd6 27.Qb3 b6 28.e8=Q+  1-0

[Event "Belgrade Premier League"]
[Site "Belgrade SRB"]
[Date "2008.10.11"]
[Round "7"]
[White "Nestorovic,N"]
[Black "Petric,M"]
[Result "1-0"]
[WhiteElo "2393"]
[BlackElo "2124"]

1.e4 d5 2.exd5 Qxd5 3.Nc3 Qd6 4.d4 Nf6 5.Nf3 a6 6.Bd3 Bg4 7.O-O e6 8.Ne4 Nxe4
9.Bxe4 Nc6 10.c3 Be7 11.Qb3 O-O-O 12.Bxc6 bxc6 13.Ne5 Bh5 14.Qa4 Kb7 15.Nc4 Qd5
16.Na5+ Kb6 17.c4 Bd1 18.b3 Qxa5 19.c5+ Qxc5 20.dxc5+ Bxc5 21.Be3 Bxe3 22.Rfxd1 Bc5
23.Qe4 Bd6 24.Rac1 c5 25.b4 cxb4 26.Qc6+  1-0

[Event "Masters"]
[Site "Winterthur SUI"]
[Date "2008.10.11"]
[Round "9"]
[White "Howell,D"]
[Black "Gallagher,Jo"]
[Result "1-0"]
[WhiteElo "2561"]
[BlackElo "2483"]

1.e4 d5 2.exd5 Qxd5 3.Nc3 Qd6 4.d4 Nf6 5.Bg5 c6 6.Qd2 Bf5 7.Nge2 Nbd7 8.Ng3 Bg6
9.Bc4 e6 10.Bb3 Qc7 11.h4 h6 12.h5 Bh7 13.Bf4 Bd6 14.Bxd6 Qxd6 15.O-O-O O-O
16.Rhe1 Nd5 17.Nce4 Qf4 18.c4 Qxd2+ 19.Kxd2 N5f6 20.Nd6 Rab8 21.f4 c5 22.Kc3 Rfd8
23.f5 cxd4+ 24.Rxd4 Nc5 25.Bc2 exf5 26.Ngxf5 Ne6 27.Rdd1 Nxh5 28.b4 Nf6 29.c5 Kf8
30.Bb3 Bxf5 31.Nxf5 Rxd1 32.Rxd1 Ne4+ 33.Kc2 Rd8 34.Bd5 Nf2 35.Rd2 b6 36.Nd6 Nc7
37.Bf3 Nh1 38.g4 Ng3 39.Kc3 Nf1 40.Rf2 bxc5 41.bxc5 Ng3 42.Rg2 Nf1 43.Rf2 Ng3
44.Bg2 Rd7 45.Rf3 Ne2+ 46.Kd3 Re7 47.Bf1 Nc1+ 48.Kd2 Nxa2 49.Bc4 Nb4 50.Bxf7 g6
51.Kc3 a5 52.Bxg6+ Kg8 53.Bf7+ Kh7 54.Bb3 Kg6 55.Kc4 Re1 56.Ba4 Rc1+ 57.Rc3 Rf1
58.Re3 Rc1+ 59.Kd4 Ra1 60.Bb3 a4 61.Bf7+ Kg5 62.Re5+ Kxg4 63.Kc3 Rb1 64.Re4+ Kf3
65.Rxb4 Rc1+ 66.Kd4 Rd1+ 67.Ke5 Re1+ 68.Kf5 Na6 69.Rf4+ Kg2 70.c6 Rc1 71.Rxa4 Nb8
72.Bd5+ Kg1 73.Rg4+ Kh2 74.Nc4  1-0

[Event "Belgrade Premier League"]
[Site "Belgrade SRB"]
[Date "2008.10.12"]
[Round "8"]
[White "Vencl,R"]
[Black "Pikula,D"]
[Result "0-1"]
[WhiteElo "2286"]
[BlackElo "2576"]

1.e4 d5 2.exd5 Qxd5 3.Nc3 Qd6 4.Nf3 Nf6 5.d4 a6 6.Bd3 Nbd7 7.O-O c5 8.Be3 e6
9.dxc5 Nxc5 10.Be2 Qc7 11.Qd4 Ncd7 12.Bf4 Qc5 13.Qxc5 Bxc5 14.Rad1 b5 15.Ne5 Bb7
16.Bf3 Bxf3 17.Nxf3 Rc8 18.Ne2 Nd5 19.c3 N7b6 20.Bc1 f6 21.g3 Kf7 22.Kg2 e5
23.Nd2 Be7 24.Rfe1 Rhe8 25.Nf1 b4 26.cxb4 Bxb4 27.Bd2 Bxd2 28.Rxd2 Nc4 29.Rd3 Nxb2
30.Rb3 Rc2 31.Rb1 Nc4 32.Rc1 Rxe2 33.Rxc4 Rxa2 34.Rb7+ Kf8 35.Ra7 h5 36.Rc6 Kg8
37.Rcxa6 Rxa6 38.Rxa6 Kh7 39.h4 Kg6 40.Ra7 Rb8 41.Rd7 Nb6 42.Rc7 Rc8 43.Rb7 Nc4
44.Ra7 Rc5 45.Rd7 Nb6 46.Rb7 Nd5 47.Rd7 Ra5 48.Nd2 Nc3 49.Rd3 Rc5 50.Nf1 Ne2
51.Rd7 Rc1 52.Ne3 Rg1+ 53.Kh2 Rb1 54.Kg2 Nd4 55.g4 hxg4 56.h5+ Kxh5 57.Rxg7 f5  0-1

[Event "1st WMSG Blitz Team w"]
[Site "Beijing CHN"]
[Date "2008.10.13"]
[Round "6"]
[White "Guerrero Rodriguez,Alej"]
[Black "Grigoryan Lyell,M"]
[Result "1-0"]
[WhiteElo "2143"]
[BlackElo "2076"]

1.e4 d5 2.exd5 Qxd5 3.Nc3 Qd6 4.d4 a6 5.Nf3 Nf6 6.Bd3 Bg4 7.Be3 Nc6 8.Ne4 Nxe4
9.Bxe4 Qb4+ 10.Qd2 Qxd2+ 11.Nxd2 Bd7 12.O-O-O O-O-O 13.Bf3 e5 14.d5 Ne7 15.Nc4 Ng6
16.h4 Bd6 17.h5 Ne7 18.Nxd6+ cxd6 19.Bb6 Rde8 20.Rd3 Kb8 21.g3 f5 22.Bg2 e4
23.Rd2 g6 24.f3 e3 25.Bxe3 Rhg8 26.Bf4 Kc7 27.Rd3 Bb5 28.Rc3+ Kd7 29.Rd1 g5
30.Be3 f4 31.Bf2 Nf5 32.Bh3 Rgf8 33.b3 a5 34.a4 Ba6 35.gxf4 gxf4 36.Bb6 Rc8
37.Rxc8 Kxc8 38.Bxa5 Kb8 39.Bb4 Kc7 40.Re1 Ne3 41.Bd2 Nxd5 42.c4 Nf6 43.Re7+ Kc6
44.Bxf4 Nxh5 45.Bd7+ Kc5 46.Be3+ Kb4 47.Kb2 Rxf3 48.Bd2+ Kc5 49.Bg4 Rf2 50.Kc3 Rh2
51.b4+ Kc6 52.b5+ Bxb5 53.axb5+ Kb6 54.Be3+ Ka5 55.Bf3 Rh3 56.Bxb7 Nf4 57.Bd5 Nxd5+
58.cxd5 Kxb5 59.Kd4 h5 60.Rc7 Kb6 61.Rc6+ Kb5 62.Rxd6 Rh4+ 63.Kd3 Rh3 64.Rc6 h4
65.Rc5+ Kb6 66.Rc1+ Kb7 67.d6 Rg3 68.Rc7+ Kb8 69.Rh7 Rg8 70.Rxh4 Rd8 71.Rd4 Kb7
72.Bf4 Kc6 73.Kc4 Rd7 74.Rd1 Kb6 75.Rb1+ Kc6 76.Ra1 Rd8 77.Ra6+ Kd7 78.Kd5 Rf8
79.Ra7+ Kd8 80.Bg5+ Ke8 81.Re7+ Kd8 82.Rf7+ Ke8 83.Rxf8+ Kxf8 84.d7 Kf7 85.d8=Q Kg6
86.Bd2 Kf5 87.Qg5+  1-0

[Event "1st WMSG Rapid Team w"]
[Site "Beijing CHN"]
[Date "2008.10.15"]
[Round "5"]
[White "Johnsen,Sy"]
[Black "Houska,Jo"]
[Result "0-1"]
[WhiteElo "2040"]
[BlackElo "2399"]

1.e4 d5 2.exd5 Qxd5 3.Nc3 Qd6 4.d4 Nf6 5.Nf3 a6 6.Bg5 b5 7.Bd3 Bb7 8.O-O e6
9.Ne5 Nbd7 10.Nxd7 Qxd7 11.Bxf6 gxf6 12.Be4 c6 13.a4 f5 14.Bf3 Bg7 15.axb5 axb5
16.Rxa8+ Bxa8 17.Nxb5 cxb5 18.Bxa8 O-O 19.Bf3 Qxd4 20.Qxd4 Bxd4 21.c3 Bf6
22.Bc6 Rb8 23.Rb1 b4 24.c4 b3 25.h3 Rd8 26.Ba4 Rd2 27.Bxb3 Bxb2 28.Ba4 Bd4
29.Rf1 f4 30.Bc6 Kg7 31.Bb7 Kg6 32.Bf3 f5 33.Bc6 Rc2 34.Bd7 Kf6 35.Bb5 e5
36.Ba6 h5 37.Bb5 h4 38.Ba6 Kg5 39.Bb5 e4 40.Ba4 Rxc4 41.Bd1 Rb4 42.Kh2 Rb2
43.f3 Bf2 44.Kh1 e3 45.Kh2 Kf6  0-1

[Event "1st WMSG Rapid Team w"]
[Site "Beijing CHN"]
[Date "2008.10.15"]
[Round "6"]
[White "Gara,T"]
[Black "Van Weersel,A"]
[Result "1/2-1/2"]
[WhiteElo "2312"]
[BlackElo "2209"]

1.e4 d5 2.exd5 Qxd5 3.Nc3 Qd8 4.d4 Nf6 5.Bc4 a6 6.Nf3 b5 7.Bb3 c5 8.dxc5 Qxd1+
9.Nxd1 e6 10.a4 b4 11.Bf4 Bxc5 12.Ne3 Bb7 13.Ke2 Nbd7 14.Rhd1 Ke7 15.Ne1 a5
16.Bc4 Nh5 17.Bg3 Nxg3+ 18.hxg3 Ne5 19.Bb5 Rhd8 20.Nf3 Nxf3 21.gxf3 Bd4 22.Nc4 e5
23.Rd2 Bd5 24.Rb1 f6 25.b3 Bxc4+ 26.Bxc4 Rd6 27.Rbd1 Rad8 28.Rd3 h6 29.g4 Rh8
30.Rh1 Rhd8 31.Rdd1 Bb6 32.Rxd6 Rxd6 33.Bd3 Bd4 34.Rd1 Bb6 35.Rc1 Bd4 36.Rd1 Bb6  1/2-1/2

[Event "1st WMSG Rapid Team w"]
[Site "Beijing CHN"]
[Date "2008.10.16"]
[Round "7"]
[White "Ruan Lufei"]
[Black "Schneider,Ve"]
[Result "1-0"]
[WhiteElo "2496"]
[BlackElo "2315"]

1.e4 d5 2.exd5 Qxd5 3.Nc3 Qd6 4.d4 Nf6 5.Nf3 g6 6.g3 Bg7 7.Bg2 Qa6 8.Qe2 Qxe2+
9.Kxe2 O-O 10.Bg5 c6 11.Rhe1 h6 12.Bf4 Na6 13.a3 Rd8 14.Kf1 Be6 15.Rad1 Rac8
16.Be5 Bf5 17.Rd2 Nc7 18.Kg1 Ncd5 19.Nh4 Be6 20.Bxf6 Bxf6 21.Nxg6 fxg6 22.Rxe6 Kf7
23.Bh3 Nxc3 24.bxc3 Rc7 25.Re4 e5 26.Rd3 Re7 27.dxe5 Rxd3 28.e6+ Kg7 29.cxd3 Bxc3
30.Kg2 Bb2 31.a4 c5 32.Kf3 b6 33.Re2 Bd4 34.Ke4 g5 35.f4 gxf4 36.gxf4 Kf6
37.Rg2 Rg7 38.Rxg7 Kxg7 39.Kd5 Bf6 40.Kc6 Kf8 41.Kb7 Bd8 42.Kxa7 Ke7 43.Kb7 Kd6
44.f5 h5 45.Bg2 h4 46.h3 Ke7 47.Kc6 Kf6 48.Be4 Ke7 49.Bf3 Kf6 50.Bg4 Ke7
51.Bh5 Kf6 52.Bg6 Ke7 53.Bh7 Kf6 54.Kd7 Be7 55.Kc7 Kg5 56.Kxb6 Kf4 57.a5 Bd8+
58.Kc6  1-0

[Event "Ugra Cup"]
[Site "Khantiy Mansiysk RUS"]
[Date "2008.10.16"]
[Round "2"]
[White "Chuprov,D"]
[Black "Sosnin,An"]
[Result "1-0"]
[WhiteElo "2573"]
[BlackElo "2274"]

1.e4 d5 2.exd5 Qxd5 3.Nc3 Qd6 4.d4 Nf6 5.Nf3 Bg4 6.h3 Bh5 7.g4 Bg6 8.Ne5 Nfd7
9.Nc4 Qe6+ 10.Be3 c6 11.f4 f5 12.d5 cxd5 13.Qxd5 Qxd5 14.Nxd5 Na6 15.Na5 Bf7
16.O-O-O Bxd5 17.Rxd5 e6 18.Bxa6 bxa6 19.Rd3 fxg4 20.hxg4 Bc5 21.Re1 O-O-O
22.Rc3  1-0

[Event "South Bohemia Open"]
[Site "Cesky Krumlov CZE"]
[Date "2008.10.17"]
[Round "8"]
[White "Muzikar,J"]
[Black "Leks,M"]
[Result "1/2-1/2"]
[WhiteElo "2039"]
[BlackElo "1849"]

1.e4 d5 2.exd5 Qxd5 3.Nc3 Qd6 4.d4 Nf6 5.Nf3 a6 6.g3 Nc6 7.Bg2 Bg4 8.O-O O-O-O
9.d5 Nb4 10.Bf4 Qc5 11.Qd2 e6 12.Ne5 Bh5 13.Be3 Qe7 14.Bg5 h6 15.Qe3 Qc5
16.Na4 Qxe3 17.Bxe3 Nbxd5 18.Bd4 Nf4 19.Be3 Nxg2 20.Kxg2 Ng4 21.Nxg4 Bxg4
22.f3 Bf5 23.g4 Bxc2 24.Nb6+ Kb8 25.Rfc1 Bd3 26.Na4 Be7 27.Nc5 Bxc5 28.Bxc5 c6
29.b4 Rd5 30.Be3 Rhd8 31.a4 Be2 32.Re1 Rd1 33.Raxd1 Bxd1 34.a5 Bb3 35.Bc5 Rd2+
36.Kg3 g6 37.Be3 Rd3 38.Bxh6 Bd5 39.Re3 Rd1 40.Bf8 Kc7 41.Bc5 Kd7 42.g5 Rg1+
43.Kf4 Rg2 44.h4 Rc2 45.Kg3 Rc1 46.Kg2 Rb1 47.Kh2 Rc1 48.Kg2 Rc4 49.Kg3 Rc2
50.Kh3 Rd2 51.Kg3 Bc4 52.Re4 Ba2 53.Rd4+ Rxd4 54.Bxd4 Kd6 55.Kf4 Kd5 56.Bf6 Bc4
57.Be5 c5 58.bxc5 Kxc5 59.Bc7 Kc6 60.Bb6 Kd5 61.Bc7 Be2 62.Ke3 Bd1 63.f4 Bc2
64.Bb6 e5 65.fxe5 Kxe5 66.Kf3 Bd1+ 67.Kg3 Ke4  1/2-1/2

[Event "LiraH Autumn"]
[Site "Lichtenrade GER"]
[Date "2008.10.18"]
[Round "1"]
[White "Schalck,C"]
[Black "Pluemer,D"]
[Result "1/2-1/2"]
[WhiteElo "1788"]
[BlackElo "2185"]

1.e4 d5 2.exd5 Qxd5 3.Nc3 Qd8 4.d4 Nf6 5.h3 e6 6.Bc4 Be7 7.Nf3 O-O 8.Bf4 c6
9.O-O b5 10.Bd3 Bb7 11.Qe2 Nbd7 12.Ne4 Nxe4 13.Qxe4 Nf6 14.Qe2 a6 15.Rfd1 Qb6
16.Ne5 Rfd8 17.c3 c5 18.dxc5 Qxc5 19.Ng4 Qc6 20.Nxf6+ Bxf6 21.Qf1 e5 22.Be3 e4
23.Be2 Qe6 24.Bg4 Rxd1 25.Qxd1 Qc6 26.Qb3 Rd8 27.Rd1 Rxd1+ 28.Qxd1 Qd5 29.Qxd5 Bxd5
30.Bc8 Bxa2 31.Bxa6 Bc4 32.Bc5 Be5 33.f3 exf3 34.gxf3 f5 35.Kf2 f4 36.Bb4 Kf7
37.b3 Bxb3 38.Bxb5 Be6 39.Kg2 g5 40.c4 Bc7 41.Ba3  1/2-1/2